MARC details
| 000 -CABECERA |
| campo de control de longitud fija |
01372nam a2200313 a 4500 |
| 001 - NÚMERO DE CONTROL |
| campo de control |
000043535 |
| 005 - FECHA Y HORA DE LA ÚLTIMA TRANSACCIÓN |
| campo de control |
20260428073714.0 |
| 008 - DATOS DE LONGITUD FIJA--INFORMACIÓN GENERAL |
| campo de control de longitud fija |
140324s2011 dr 000 0 spa d |
| 020 ## - NÚMERO INTERNACIONAL ESTÁNDAR DEL LIBRO |
| Número Internacional Estándar del Libro |
9789945412482 |
| 040 ## - FUENTE DE LA CATALOGACIÓN |
| Centro catalogador/agencia de origen |
DO-SdBNP |
| Lengua de catalogación |
spa |
| Centro/agencia transcriptor |
BNPHU |
| 082 ## - NÚMERO DE LA CLASIFICACIÓN DECIMAL DEWEY |
| Número de clasificación |
070.44 |
| Número de documento/Ítem |
P925p, 2010 |
| 111 2# - ENTRADA PRINCIPAL--NOMBRE DE CONGRESO/REUNIÓN |
| Nombre de congreso/reunión o jurisdicción como elemento de entrada |
Premios de FUNGLODE de periodismo |
| Fecha del congreso/reunión |
(2010: |
| Sede del congreso/Lugar de la reunión |
Santo Domingo ) |
| 9 (RLIN) |
71307 |
| 245 10 - MENCIÓN DE TÍTULO |
| Título |
Premio de periodismo Rafael Herrera. |
| 260 ## - PUBLICACIÓN, DISTRIBUCIÓN, ETC. |
| Lugar de publicación, distribución, etc. |
Santo Domingo : |
| Nombre del editor, distribuidor, etc. |
FUNGLODE, |
| Fecha de publicación, distribución, etc. |
2011. |
| 300 ## - DESCRIPCIÓN FÍSICA |
| Extensión |
137 p. ; |
| Dimensiones |
26 cm. |
| 490 1# - MENCIÓN DE SERIE |
| Mención de serie |
Premios Funglode/GFDD 2010 |
| -- |
periodismo |
| Designación de volumen o secuencia |
4 |
| 505 0# - NOTA DE CONTENIDO CON FORMATO |
| Información miscelánea |
Primer lugar : |
| Título |
Serie de trabajos sobre Haití / |
| Mención de responsabilidad |
Panky Corcino -- |
| Información miscelánea |
Segundo lugar : |
| Título |
Serie Ecarnados de un puro ideal / |
| Mención de responsabilidad |
Fernándo Quiroz -- |
| Información miscelánea |
Tercer lugar |
| Título |
Radiografía hospitalaria / |
| Mención de responsabilidad |
Felivia Mejía -- |
| 650 #0 - PUNTO DE ACCESO ADICIONAL DE MATERIA--TÉRMINO DE MATERIA |
| Término de materia o nombre geográfico como elemento de entrada |
Ensayos dominicanos |
| 9 (RLIN) |
65 |
| 650 #4 - PUNTO DE ACCESO ADICIONAL DE MATERIA--TÉRMINO DE MATERIA |
| Término de materia o nombre geográfico como elemento de entrada |
Periodísmo |
| Subdivisión geográfica |
República Dominicana |
| 9 (RLIN) |
36 |
| 650 #0 - PUNTO DE ACCESO ADICIONAL DE MATERIA--TÉRMINO DE MATERIA |
| Término de materia o nombre geográfico como elemento de entrada |
Literatura dominicana. |
| 9 (RLIN) |
67 |
| 650 #4 - PUNTO DE ACCESO ADICIONAL DE MATERIA--TÉRMINO DE MATERIA |
| Término de materia o nombre geográfico como elemento de entrada |
Certámenes literarios |
| 9 (RLIN) |
1541 |
| 650 #0 - PUNTO DE ACCESO ADICIONAL DE MATERIA--TÉRMINO DE MATERIA |
| Término de materia o nombre geográfico como elemento de entrada |
Premios literarios |
| 9 (RLIN) |
1542 |
| 700 12 - PUNTO DE ACCESO ADICIONAL--NOMBRE DE PERSONA |
| Nombre de persona |
Corcino, Panky |
| Títulos y otros términos asociados al nombre |
Seriede trabajos sobre Haití |
| 9 (RLIN) |
71308 |
| 700 12 - PUNTO DE ACCESO ADICIONAL--NOMBRE DE PERSONA |
| Nombre de persona |
Quiroz, Fernándo |
| Títulos y otros términos asociados al nombre |
Serie Ecarnados de un puro ideal |
| 9 (RLIN) |
71309 |
| 700 12 - PUNTO DE ACCESO ADICIONAL--NOMBRE DE PERSONA |
| Nombre de persona |
Mejía, Felivia |
| Títulos y otros términos asociados al nombre |
Radiografía hospitalaria |
| 9 (RLIN) |
71310 |
| 710 22 - PUNTO DE ACCESO ADICIONAL--NOMBRE DE ENTIDAD CORPORATIVA |
| Nombre de entidad corporativa o nombre de jurisdicción como elemento de entrada |
Fundación Global Democracía y Desarrollo |
| 9 (RLIN) |
25477 |
| 830 #0 - PUNTO DE ACCESO ADICIONAL DE SERIE-TÍTULO UNIFORME |
| Título uniforme |
Premios Funglode/GFDD 2010 |
| Nombre de parte o sección de la obra |
Preriodismo |
| Designación de volumen o secuencia |
4 |
| 9 (RLIN) |
71311 |
| 910 ## - DATOS DE OPCIÓN DEL USUARIO (OCLC) |
| Datos de opción del usuario |
Validado. Control de caldad MFF |